| 000 | 00868cab a2200301 4500 | ||
|---|---|---|---|
| 001 | ABS43714 | ||
| 008 | 090401t1990 xxu||||| |||| 00| 0 eng d | ||
| 035 | _a(Sirsi) u43150 | ||
| 041 | _aeng | ||
| 245 | _aProfile : Wardell Armstrong | ||
| 260 | _c1990 | ||
| 350 | _a0 | ||
| 490 |
_aColliery Guardian _v238 (10) October 1990, 283(1) |
||
| 520 | _aProfile s Wardell Armstrong , a firm, specialising in offering mineral estate management consultancy services. | ||
| 650 | _aBRITISH COAL | ||
| 650 | _aCHARTERED MINERAL SURVEYORS | ||
| 650 | _aCHURCH COMMISSIONERS | ||
| 650 | _aCOAL MINING | ||
| 650 | _aCONSULTANT | ||
| 650 | _aCROWN ESTATE COMMISSIONERS | ||
| 650 | _aKENNETH WARDELL | ||
| 650 | _aMINERAL INDUSTRY | ||
| 650 | _aPARTNERSHIP | ||
| 650 | _aWASTE DISPOSAL | ||
| 690 | _aMINING AND MINERALS | ||
| 942 | _n0 | ||
| 948 | _c04/03/1997 | ||
| 999 |
_c27589 _d27589 |
||